No Second Guess Trivia II Quiz Stats

 Plays Quiz Updated Dec 21, 2018

Support Sporcle.
Go Orange.
Score 0/16 Timer 05:00
1 Play Today
% Correct
The terms 'scrum', 'lineout' and 'hooker' all feature in what team sport????
76.4%
What is the last letter of the Greek alphabet????
69.7%
Which month is named after the Roman god of war????
63.4%
In visible light, which primary color has the longest wavelength????
62.5%
Which member of 'The Simpsons' family is voiced by Nancy Cartwright????
62.2%
Mecca, known as the holiest city in Islam, is located in which country of the Middle East????
56.6%
What basic shape is featured on the flag of Bangladesh????
44.9%
Within 5% either side, what percent of dry air is composed of oxygen????
43.2%
% Correct
At 220 kilometres long, which US state has the shortest border with Mexico????
42.8%
Which star sign is represented by the goat????
40.2%
What is the largest internal organ in the human body????
39.2%
What chemical element comes last if the elements are listed alphabetically????
24.7%
What is the longest book in the Bible????
24.2%
Queen Margrethe II is the monarch of which Nordic country????
19.9%
What is the most used consonant in the German language????
11%
How many Academy Award nominations has Meryl Streep received????
7%

You're not logged in!

Compare scores with friends on all Sporcle quizzes.
OR
Log In
Forgot?

From the Vault

Find the Classic and Famous Toys

by kfastic

Gaming 7m
Who says you have to go out on Black Friday to find toys?
Remove Ads.
Support Sporcle.
Get the best of Sporcle when you Go Orange. This ad-free experience offers more features, more stats, and more fun while also helping to support Sporcle. Thank you for becoming a member.

Show Comments

Extras

Top Quizzes Today


Score Distribution

Your Account Isn't Verified!

In order to create a playlist on Sporcle, you need to verify the email address you used during registration. Go to your Sporcle Settings to finish the process.

Report this User

Report this user for behavior that violates our Community Guidelines.

Details: